Political forces in Argentina /

Guardado en:
Autor Principal: Snow, Peter G.
Formato: Libro
Idioma:English
Publicado: New York : Praeger, c1979.
Edición:Ed. rev.
Materias:
Etiquetas: Agregar Etiqueta
Sin Etiquetas, Sea el primero en etiquetar este registro!
LEADER 00724nam a22002295 4500
001 EAD.ead002208
008 080718s1979####nyu######b####001#0#eng#d
005 20100914093344.0
245 1 0 |a Political forces in Argentina /  |c Peter G. Snow. 
250 |a Ed. rev. 
260 |a New York :  |b Praeger,  |c c1979. 
300 |a xiv, 166 p. ;  |c 24 cm. 
504 |a Incluye referencias bibliográficas e índice. 
020 |a 0030434963 
100 1 |a Snow, Peter G. 
082 0 4 |a 322.0982  |2 21 
653 |a Peronismo 
653 |a Política 
650 4 |a Movimientos sociales.  |2 unbist 
650 4 |a Fuerzas armadas.  |2 unbist 
650 4 |a Instituciones religiosas.  |2 unbist 
859 |a AR-BaBDC  |b BIB. ADMINISTRACION - Libros  |h 322.0982  |i Sn61  |p b01373